Yo política: guía para la formación y capacitación política para mujere. Manual de la formadora /

Salvato in:
Dettagli Bibliografici
Autore principale: Escapa Garrachón, Rosa
Altri autori: Matínez Ten, Luz
Natura: testo
Pubblicazione: Costa Rica : FUNPADEM
Soggetti:
Tags: Aggiungi Tag
Nessun Tag, puoi essere il primo ad aggiungerne!!

MARC

LEADER 00000 a a2200000 04500
001 34033
003
040
020 |a 9968-875-29-5  
022 |a 9968-875-29-5  
090 |0 004 E74yo  
100 |a Escapa Garrachón, Rosa  
245 |a Yo política: guía para la formación y capacitación política para mujere. Manual de la formadora /  |c Rosa Escapa Garrachón 
260 |a Costa Rica :   |b FUNPADEM  
300 |a 509 p.  
650 |a EDUCACION POLITICA  
650 |a PARTICIPACION DE LA MUJER  
650 |a METODOS DE CAPACITACION  
650 |a CURSOS DE CAPACITACION  
700 |a Matínez Ten, Luz  
999 |c 9007  |d 9007